| 000 | 00973nam a2200241 i 4500 | ||
|---|---|---|---|
| 001 | bg | ||
| 245 | 0 | 0 |
_aRynek energii elektrycznej : _brozwój i konkurencja : materiały IV konferencji naukowo-technicznej REE'97, Kazimierz Dolny 24-25 kwietnia 1997 r. / _c[skład tekstów i oprac. red. Zbigniew Połecki] ; Katedra Elektrowni i Gospodarki Energetycznej Politechniki Lubelskiej. |
| 260 |
_a[Lublin] : _bWydawnictwa Uczelniane PL, _ccop.1997. |
||
| 300 |
_a380 s. : _brys., wykr. ; _c24 cm. |
||
| 504 | _aBibliogr., summ. przy ref. | ||
| 650 | 9 |
_aElektroenergetyka _xekonomika _zPolska |
|
| 650 | 9 |
_aEnergia elektryczna _xhandel _zPolska |
|
| 650 | 9 |
_aRynek _xzagadnienia _zPolska |
|
| 655 | _aMateriały konferencyjne | ||
| 700 | 1 |
_aPOŁECKI, Zbigniew. _eRed. |
|
| 020 | _a8387270504 | ||
| 040 | _cBPK | ||
| 041 | 0 |
_apl _ben |
|
| 080 | _a339.16:339.13:621.31.003](438)(061.3) | ||
| 920 | _a83-87270-50-4 | ||
| 942 | _cKS | ||
| 008 | s pl f |000 0 pol | ||
| 999 |
_c31598 _d31598 |
||